01492cam a2200265 a 450000100100000000500170001000800410002704000250006808200200009310000370011324500550015026000360020530000210024150000570026259000260031965000270034565000310037291000370040395201310044095201310057195201310070295201820083395201960101599900150121100000159120240530073910.0930610s1992 dr 000 f spa d aDO-SdBNPbspacBNPHU aRD863.44bD575c1 aDihmes Pablo, Luis,d1936-9522013aLa casa de los tres candados /cLuis Dihmes Pablo. aSanto Domingo :bTaller,c1992. a179 p. ;c21 cm. aIncluye datos biográficos del autor en las solapas aInventariado, 2020/BT 0aNovela dominicana9223 0aLiteratura dominicana.967 aValidado. Control de calidad MFF 001054708DSaGRbGRcHDd2009-11-13iLF1l0oRD863.44 D575cp1591-30r2020-06-25te.3w2020-06-25yLFDSZPréstamo en sala 001054708DSaGRbGRcHDd2009-11-13iLF1l0oRD863.44 D575cp1591-40r2020-06-25te.4w2020-06-25yLFDSZPréstamo en sala 001054708DSaGRbGRcHDd2011-08-17iLF1l0oRD863.44 D575cp1591-50r2020-06-25te.5w2020-06-25yLFDSZPréstamo en sala 0010718PDaPDbPDcHDd2009-06-30iLF1l0oRD863.44 D575cp1591-10r2020-06-25w2020-06-25yLFPDzPerteneció a la biblioteca personal de Germán Emilio Ornes.ZNo se presta 0010718PDaPDbPDcHDd2009-11-13iLF1l0oRD863.44 D575cp1591-20r2020-06-25te.2w2020-06-25yLFPDzPerteneció a la biblioteca personal de Juan Isidro Jimenes Grullón.ZNo se presta c1486d1486